[Event "zonal 8"]
[Site "Cali COL"]
[Date "1990.??.??"]
[Round "1"]
[White "Espinosa Flores, Rafael"]
[Black "Hernandez Guerrero, Gilberto"]
[Result "1/2-1/2"]
[WhiteElo "2395"]
[BlackElo "2395"]
[EventDate "1990.04.??"]
[PlyCount "36"]

1.e4 c6 2.d4 d5 3.Nd2 dxe4 4.Nxe4 Bf5 5.Ng3 Bg6 6.Nf3 Nd7 7.h4 h6 8.h5 Bh7
9.Bd3 Bxd3 10.Qxd3 e6 11.Bf4 Qa5+ 12.Bd2 Qc7 13.O-O-O Ngf6 14.Ne4 O-O-O 
15.g3 Nc5 16.Nxc5 Bxc5 17.Bf4 Bd6 18.Bxd6 Rxd6 1/2-1/2

[Event "zonal 8"]
[Site "Cali COL"]
[Date "1990.??.??"]
[Round "1"]
[White "Juarez Flores, Carlos Armando"]
[Black "Garcia, Gildardo"]
[Result "1-0"]
[WhiteElo "2375"]
[BlackElo "2465"]
[EventDate "1990.04.??"]
[PlyCount "89"]

1.e4 e5 2.Nf3 Nc6 3.Bc4 Nf6 4.d3 Bc5 5.c3 a6 6.O-O Ba7 7.Bb3 d6 8.Nbd2 O-O
9.Re1 Re8 10.Nf1 h6 11.Ng3 Be6 12.h3 d5 13.Qe2 Qd7 14.Kh2 Rad8 15.Bc2 Bc5 
16.Nh4 Ne7 17.d4 exd4 18.e5 Ne4 19.cxd4 Bxd4 20.Nxe4 dxe4 21.Qxe4 g6 22.
Bxh6 Bxf2 23.Qf4 Kh7 24.Red1 Nd5 25.Rxd5 Bxd5 26.Qxf2 Kxh6 27.Qf6 Rxe5 28.
Qxe5 Qd6 29.Qxd6 Rxd6 30.Rd1 Bxa2 31.Rxd6 cxd6 32.b3 Kg5 33.Kg3 Kf6 34.Nf3
Ke6 35.Nd4+ Kd5 36.Ne2 Kc5 37.Nc1 Kb4 38.Nxa2+ Ka3 39.Nc1 Kb2 40.Be4 b5 
41.Ne2 Kxb3 42.Bd5+ Kb2 43.Bxf7 a5 44.Nd4 b4 45.Nc6 1-0

[Event "zonal 8"]
[Site "Cali COL"]
[Date "1990.??.??"]
[Round "1"]
[White "Rodriguez Cespedes, Amador"]
[Black "Moran Nuque, Augusto"]
[Result "0-1"]
[WhiteElo "2495"]
[BlackElo "2285"]
[EventDate "1990.04.??"]
[PlyCount "70"]

1.Nf3 Nf6 2.d4 d6 3.c4 Nbd7 4.Nc3 e5 5.Bg5 Be7 6.e3 O-O 7.Qc2 c6 8.Bd3 h6 
9.Bxf6 Bxf6 10.O-O-O exd4 11.exd4 Re8 12.Kb1 Nf8 13.h3 g6 14.Qd2 Bg7 15.
Rhe1 Rxe1 16.Rxe1 Be6 17.Ne2 Qf6 18.Ng3 d5 19.cxd5 Bxd5 20.Ne4 Qd8 21.Bc2 
Ne6 22.Re3 Qb6 23.Bb3 Rd8 24.Bxd5 Rxd5 25.Nc3 Rd7 26.Ne2 c5 27.Ne5 Bxe5 
28.Rxe5 cxd4 29.Nc1 Qd6 30.f4 d3 31.g3 Qd4 32.Re3 Nc5 33.b4 Ne4 34.Qxd3 
Qxb4+ 35.Qb3 Nd2+ 0-1

[Event "zonal 8"]
[Site "Cali COL"]
[Date "1990.??.??"]
[Round "2"]
[White "Espinosa Flores, Rafael"]
[Black "Paneque Martin, Pedro"]
[Result "1-0"]
[WhiteElo "2395"]
[BlackElo "2380"]
[EventDate "1990.04.??"]
[PlyCount "59"]

1.e4 e6 2.d4 d5 3.e5 c5 4.c3 Ne7 5.Nf3 Nec6 6.h4 Nd7 7.g3 Be7 8.Bh3 b5 9.
a3 a5 10.Ng5 Bxg5 11.Bxg5 f6 12.exf6 Nxf6 13.dxc5 O-O 14.Nd2 Qe7 15.Bxf6 
Rxf6 16.b4 Rg6 17.Nf3 Qf6 18.Nd4 Qe5+ 19.Kf1 Bd7 20.Kg2 Rf8 21.Qe2 Qf6 22.
Rad1 Kh8 23.h5 Rh6 24.f4 Qf7 25.Nxb5 e5 26.Bxd7 Qxd7 27.fxe5 Re6 28.Rhf1 
Rg8 29.Nd6 Rxe5 30.Qg4 1-0

[Event "zonal 8"]
[Site "Cali COL"]
[Date "1990.??.??"]
[Round "2"]
[White "Hernandez Guerrero, Gilberto"]
[Black "Alzate, Dario"]
[Result "1-0"]
[WhiteElo "2395"]
[BlackElo "2390"]
[EventDate "1990.04.??"]
[PlyCount "127"]

1.e4 e5 2.Nf3 Nc6 3.Bb5 f5 4.Nc3 fxe4 5.Nxe4 d5 6.Nxe5 dxe4 7.Nxc6 Qg5 8.
Qe2 Nf6 9.f4 Qxf4 10.d4 Qd6 11.Ne5+ c6 12.Bc4 Be6 13.Bf4 O-O-O 14.c3 Bxc4 
15.Qxc4 Nd5 16.O-O Qe6 17.Bg5 Re8 18.Rae1 Nf6 19.Qxe6+ Rxe6 20.Nc4 Nd5 21.
Rf7 h6 22.Bh4 b5 23.Ne5 g5 24.Bg3 Be7 25.Rxe4 Rf8 26.Rxf8+ Bxf8 27.Re1 Bg7
28.Rf1 Bxe5 29.Bxe5 Ne3 30.Rf8+ Kd7 31.Ra8 Nc4 32.Rxa7+ Ke8 33.a4 bxa4 34.
Rxa4 Nxb2 35.Rb4 Nd3 36.Rb8+ Kf7 37.Bg3 h5 38.h4 Re3 39.Kh2 gxh4 40.Bxh4 
Re2 41.Rb7+ Kg6 42.Bg3 Rc2 43.Rb6 Kg5 44.Rxc6 h4 45.Bc7 Ne1 46.Bd8+ Kh5 
47.Rc5+ Kg4 48.Rg5+ Kf4 49.Kh3 Rxc3+ 50.Kxh4 Rc1 51.Rg4+ Kf5 52.Rg5+ Kf4 
53.Kh5 Rd1 54.Bf6 Rd2 55.Re5 Nf3 56.Bg5+ Nxg5 57.Rxg5 Ra2 58.d5 Ra8 59.g3+
Ke4 60.Kg6 Ra6+ 61.Kf7 Rd6 62.Ke7 Rxd5 63.Rxd5 Kxd5 64.Kf6 1-0

[Event "zonal 8"]
[Site "Cali COL"]
[Date "1990.??.??"]
[Round "3"]
[White "Alzate, Dario"]
[Black "Garcia, Gildardo"]
[Result "1/2-1/2"]
[WhiteElo "2390"]
[BlackElo "2465"]
[EventDate "1990.04.??"]
[PlyCount "20"]

1.c4 e6 2.Nc3 d5 3.d4 Nf6 4.cxd5 exd5 5.Bg5 Be7 6.e3 c6 7.Bd3 Nbd7 8.Nf3 
O-O 9.O-O Re8 10.Qc2 Ne4 1/2-1/2

[Event "zonal 8"]
[Site "Cali COL"]
[Date "1990.??.??"]
[Round "3"]
[White "Juarez Flores, Carlos Armando"]
[Black "Arencibia Rodriguez, Walter"]
[Result "1/2-1/2"]
[WhiteElo "2375"]
[BlackElo "2425"]
[EventDate "1990.04.??"]
[PlyCount "72"]

1.e4 e6 2.d4 d5 3.Nd2 b6 4.c3 dxe4 5.Nxe4 Bb7 6.Ng3 Nf6 7.Nf3 Be7 8.Bd3 
O-O 9.Qe2 c5 10.dxc5 Bxc5 11.Bg5 Nbd7 12.Rd1 Qc7 13.O-O h6 14.Bc1 Rad8 15.
Ne4 Nxe4 16.Bxe4 Bxe4 17.Qxe4 Nf6 18.Qe2 Bd6 19.h3 Rd7 20.Nd4 Rfd8 21.Qf3 
Nd5 22.Qg4 Kh8 23.Nb5 Qc6 24.Nxd6 Rxd6 25.Qf3 R6d7 26.Rd3 Qa4 27.a3 Nc7 
28.Re3 Ne8 29.Kh2 Nd6 30.Rfe1 Qc2 31.R3e2 Qf5 32.Qg3 Nc4 33.Qh4 b5 34.a4 
a6 35.axb5 axb5 36.b3 Nd2 1/2-1/2

[Event "zonal 8"]
[Site "Cali COL"]
[Date "1990.??.??"]
[Round "3"]
[White "Paneque Martin, Pedro"]
[Black "Hernandez Guerrero, Gilberto"]
[Result "1/2-1/2"]
[WhiteElo "2380"]
[BlackElo "2395"]
[EventDate "1990.04.??"]
[PlyCount "122"]

1.c4 g6 2.g3 Bg7 3.Bg2 e5 4.Nc3 Nc6 5.e3 d6 6.Nge2 h5 7.h3 Be6 8.Nd5 h4 9.
g4 f5 10.g5 Nce7 11.d4 c6 12.Nxe7 Nxe7 13.d5 cxd5 14.cxd5 Bf7 15.O-O O-O 
16.e4 Rc8 17.f3 Qb6+ 18.Kh1 Be8 19.Nc3 Bd7 20.Qe2 f4 21.Bd2 Kf7 22.Be1 a6 
23.Rg1 Rh8 24.Bf1 Rh5 25.a4 Ng8 26.b4 Qd8 27.b5 a5 28.b6 Bf8 29.Nb5 Qxb6 
30.Qd2 Qd8 31.Qxa5 Rxg5 32.Qxd8 Rxg1+ 33.Kxg1 Rxd8 34.Rc1 Rc8 35.Rxc8 Bxc8
36.Bb4 Bd7 37.Nxd6+ Bxd6 38.Bxd6 Kf6 39.a5 Nh6 40.Bb4 Nf7 41.Be1 Kg5 42.
Kh2 Kh5 43.Be2 Kg5 44.Bf2 Nh6 45.Bb6 Nf7 46.Bc7 Kf6 47.Bf1 Ke7 48.Bb6 Kd6 
49.Bf2 g5 50.Ba7 Kc7 51.Bb6+ Kd6 52.Kg2 Ba4 53.Kf2 Bd7 54.Ke1 Be8 55.Kd2 
Ba4 56.Ba7 Kc7 57.Bc5 Nd6 58.Bb4 Bd7 59.Bc5 Ba4 60.Be2 Bd7 61.Bf1 Ba4 
1/2-1/2

[Event "zonal 8"]
[Site "Cali COL"]
[Date "1990.??.??"]
[Round "3"]
[White "Rodriguez Cespedes, Amador"]
[Black "Espinosa Flores, Rafael"]
[Result "1-0"]
[WhiteElo "2495"]
[BlackElo "2395"]
[EventDate "1990.04.??"]
[PlyCount "69"]

1.e4 c5 2.Nf3 Nc6 3.d4 cxd4 4.Nxd4 Nf6 5.Nc3 e5 6.Ndb5 d6 7.Bg5 a6 8.Na3 
Be6 9.Nc4 Rc8 10.Bxf6 gxf6 11.Bd3 Ne7 12.Ne3 Bh6 13.O-O Bxe3 14.fxe3 Qb6 
15.Qf3 h5 16.Nd5 Bxd5 17.exd5 Rh6 18.Rab1 Qa5 19.e4 f5 20.exf5 Nxd5 21.Kh1
Qc5 22.Rbe1 f6 23.Be4 Ne7 24.Bxb7 Rb8 25.Rd1 Qb6 26.Be4 Rd8 27.b3 Qa5 28.
c4 Kf7 29.Rf2 h4 30.Rfd2 Qc5 31.Bd5+ Kg7 32.Be6 Nc6 33.b4 Nxb4 34.Qb7+ Kh8
35.Rxd6 1-0

[Event "zonal 8"]
[Site "Cali COL"]
[Date "1990.??.??"]
[Round "3"]
[White "Zapata Ramirez, Alonso"]
[Black "Moran Nuque, Augusto"]
[Result "1-0"]
[WhiteElo "2480"]
[BlackElo "2285"]
[EventDate "1990.04.??"]
[PlyCount "75"]

1.e4 e6 2.d4 d5 3.Nd2 c5 4.Ngf3 cxd4 5.exd5 Qxd5 6.Bc4 Qd6 7.O-O Nf6 8.Nb3
Nc6 9.Nbxd4 Nxd4 10.Nxd4 Bd7 11.a4 a6 12.c3 Qc7 13.Qe2 Bc5 14.Bg5 O-O 15.
Bd3 Bxd4 16.cxd4 Nd5 17.Ra3 Nf4 18.Qg4 e5 19.Qg3 Bf5 20.Bf6 Nh5 21.Qxe5 
Qxe5 22.Bxe5 Bxd3 23.Rxd3 f6 24.Bc7 Rac8 25.Rc3 f5 26.Rfc1 Nf6 27.Be5 Rxc3
28.bxc3 Nd5 29.c4 Rc8 30.Kf1 Nb6 31.c5 Nd7 32.Bd6 b6 33.c6 Nf6 34.Be5 Kf7 
35.c7 Nd7 36.Rc6 g6 37.Ke2 Ke7 38.Bf4 1-0

[Event "zonal 8"]
[Site "Cali COL"]
[Date "1990.??.??"]
[Round "4"]
[White "Arencibia Rodriguez, Walter"]
[Black "Zapata Ramirez, Alonso"]
[Result "1/2-1/2"]
[WhiteElo "2425"]
[BlackElo "2480"]
[EventDate "1990.04.??"]
[PlyCount "122"]

1.Nf3 Nf6 2.c4 g6 3.g3 Bg7 4.Bg2 d6 5.Nc3 Nc6 6.O-O O-O 7.d3 e5 8.Bg5 h6 
9.Bxf6 Bxf6 10.Rb1 Bg7 11.b4 Be6 12.b5 Ne7 13.Nd2 e4 14.Qc2 exd3 15.Qxd3 
Qc8 16.Rfc1 Re8 17.Nb3 Bf5 18.e4 Bh3 19.c5 Bxg2 20.Kxg2 Rd8 21.Qc4 dxc5 
22.Nxc5 Rd4 23.Qe2 b6 24.Nb3 Rd7 25.Rc2 Qb7 26.Kg1 Rc8 27.e5 c5 28.Ne4 Nf5
29.f4 Rcd8 30.Rd2 Rxd2 31.Nbxd2 Rd4 32.Re1 Qd5 33.Nf3 Rd3 34.Qf2 Ra3 35.g4
Nd4 36.Nxd4 cxd4 37.Qg2 Qxa2 38.Qxa2 Rxa2 39.Rd1 Ra4 40.Kf2 g5 41.fxg5 
hxg5 42.e6 fxe6 43.Nxg5 Ra2+ 44.Kf3 Ra3+ 45.Kf2 e5 46.Rc1 Rc3 47.Ra1 Bh6 
48.Ne4 Re3 49.Re1 Rb3 50.g5 Bf8 51.Nf6+ Kf7 52.Rxe5 Rb2+ 53.Kf3 Rxh2 54.
Rd5 Bc5 55.Ne4 Ke6 56.g6 Rh8 57.Rg5 Be7 58.Rg4 Rf8+ 59.Ke2 Kf5 60.Kf3 Ke5+
61.Ke2 Kf5 1/2-1/2

[Event "zonal 8"]
[Site "Cali COL"]
[Date "1990.??.??"]
[Round "4"]
[White "Hernandez Guerrero, Gilberto"]
[Black "Garcia, Gildardo"]
[Result "1-0"]
[WhiteElo "2395"]
[BlackElo "2465"]
[EventDate "1990.04.??"]
[PlyCount "155"]

1.Nf3 g6 2.e4 Bg7 3.Nc3 c5 4.d4 cxd4 5.Nxd4 Nc6 6.Nde2 d6 7.g3 Nf6 8.Bg2 
O-O 9.O-O Rb8 10.a4 a6 11.h3 b5 12.axb5 axb5 13.Bg5 h6 14.Be3 Kh7 15.Nd5 
b4 16.Re1 Bb7 17.Nd4 Ne5 18.Bc1 e6 19.Nf4 Qb6 20.Nb3 Nc4 21.Nd2 Nxd2 22.
Bxd2 Ra8 23.Rxa8 Rxa8 24.b3 e5 25.Nd3 d5 26.exd5 Nxd5 27.Nxe5 Qc7 28.Nd3 
Ra1 29.Qf3 Ra2 30.Nxb4 Nxb4 31.Qxb7 Qxb7 32.Bxb7 Nxc2 33.Re7 Nd4 34.Be3 
Nf5 35.Rxf7 Nxe3 36.fxe3 Re2 37.Re7 Kh8 38.Ba6 Rb2 39.Re8+ Kh7 40.Bc4 Bf6 
41.Rf8 Bg5 42.Rf7+ Kh8 43.Rf3 Kg7 44.Rf7+ Kh8 45.e4 Be3+ 46.Kf1 Bd4 47.g4 
Rh2 48.Rd7 Bc3 49.Rd3 Rc2 50.Rf3 Kg7 51.Rf7+ Kh8 52.Rf3 Kg7 53.Rf7+ Kh8 
54.Be2 Rb2 55.Rb7 Kg8 56.Rb5 Kf7 57.e5 Ke7 58.Bc4 Rd2 59.Rb7+ Rd7 60.Rb5 
Rd4 61.Kf2 h5 62.Kf3 hxg4+ 63.hxg4 g5 64.Rb7+ Kd8 65.e6 Rf4+ 66.Ke2 Bf6 
67.Rf7 Be7 68.Rxf4 gxf4 69.Kf3 Bd6 70.Ke4 Ke7 71.g5 Kf8 72.Bd5 Ke8 73.Kf5 
Kf8 74.Kg6 Bb4 75.Kh7 Bc5 76.g6 Bd4 77.b4 Ke7 78.g7 1-0

[Event "zonal 8"]
[Site "Cali COL"]
[Date "1990.??.??"]
[Round "4"]
[White "Paneque Martin, Pedro"]
[Black "Rodriguez Cespedes, Amador"]
[Result "1/2-1/2"]
[WhiteElo "2380"]
[BlackElo "2495"]
[EventDate "1990.04.??"]
[PlyCount "23"]

1.c4 Nf6 2.g3 e6 3.Nf3 d5 4.b3 Be7 5.Bg2 O-O 6.O-O b6 7.Bb2 Bb7 8.e3 c5 9.
Qe2 Nc6 10.Rd1 Rc8 11.d3 Qc7 12.Nc3 1/2-1/2

[Event "zonal 8"]
[Site "Cali COL"]
[Date "1990.??.??"]
[Round "5"]
[White "Garcia, Gildardo"]
[Black "Moran Nuque, Augusto"]
[Result "0-1"]
[WhiteElo "2465"]
[BlackElo "2285"]
[EventDate "1990.04.??"]
[PlyCount "84"]

1.e4 e6 2.d4 d5 3.Nc3 Bb4 4.e5 c5 5.a3 Bxc3+ 6.bxc3 Ne7 7.Nf3 Bd7 8.dxc5 
Ba4 9.Rb1 Nd7 10.Be3 Qa5 11.Rxb7 Qxc3+ 12.Bd2 Qxc5 13.Qb1 a5 14.Bd3 Bc6 
15.Be3 Qc3+ 16.Bd2 Qc5 17.Be3 Qc3+ 18.Bd2 Qc5 19.Rb3 d4 20.O-O Ng6 21.Re1 
O-O 22.Be4 Ndxe5 23.Nxe5 Nxe5 24.c3 Bxe4 25.Qxe4 Qc4 26.Reb1 dxc3 27.Qxc4 
Nxc4 28.Bxc3 a4 29.Rb4 Nxa3 30.Ra1 Nc2 31.Rg4 Rfc8 32.Raxa4 Rab8 33.Rxg7+ 
Kf8 34.h4 Rxc3 35.Rxh7 Rb7 36.Ra8+ Ke7 37.h5 Rc5 38.g3 Nd4 39.h6 Rh5 40.
Rhh8 Rb1+ 41.Kg2 Rhh1 42.f4 Rb2+ 0-1

[Event "zonal 8"]
[Site "Cali COL"]
[Date "1990.??.??"]
[Round "5"]
[White "Juarez Flores, Carlos Armando"]
[Black "Paneque Martin, Pedro"]
[Result "1/2-1/2"]
[WhiteElo "2375"]
[BlackElo "2380"]
[EventDate "1990.04.??"]
[PlyCount "121"]

1.e4 e6 2.d4 d5 3.Nd2 f5 4.exf5 exf5 5.Ngf3 Nf6 6.Bd3 Bd6 7.O-O O-O 8.c4 
Nc6 9.Re1 Re8 10.a3 Bd7 11.Nf1 Rxe1 12.Qxe1 Qf8 13.c5 Re8 14.Qd1 Be7 15.
Bf4 Bd8 16.Ne3 Nh5 17.Be5 g5 18.Nxg5 Bxg5 19.Qxh5 Bxe3 20.fxe3 Nxe5 21.
dxe5 Rxe5 22.Rf1 Qe7 23.h3 Kh8 24.b4 Be8 25.Qh6 Bg6 26.Rf3 Qg7 27.Qg5 c6 
28.Qf4 Re8 29.Kh2 Qe5 30.Kg3 Qg7 31.Kh2 Qe5 32.Qxe5+ Rxe5 33.Kg3 Kg7 34.
Kf2 Kf6 35.Rf4 Re7 36.g4 Re5 37.h4 h6 38.Kf3 Ke6 39.Kf2 Kf6 40.Kf3 Bh7 41.
a4 a6 42.Kf2 Bg6 43.Ke2 Bh7 44.Kd2 Bg6 45.Rf1 Bh7 46.Rf3 Kg7 47.gxf5 Kf6 
48.Rg3 Bxf5 49.Bxf5 Rxf5 50.Rg8 Re5 51.Rh8 Kg6 52.h5+ Rxh5 53.Rb8 Rh2+ 54.
Kd3 Ra2 55.Rxb7 Rxa4 56.Rb6 Kf5 57.Rxc6 Rxb4 58.Rxh6 a5 59.Ra6 a4 60.c6 
Rc4 61.c7 1/2-1/2

[Event "zonal 8"]
[Site "Cali COL"]
[Date "1990.??.??"]
[Round "5"]
[White "Zapata Ramirez, Alonso"]
[Black "Espinosa Flores, Rafael"]
[Result "1-0"]
[WhiteElo "2480"]
[BlackElo "2395"]
[EventDate "1990.04.??"]
[PlyCount "87"]

1.e4 c5 2.Nf3 Nc6 3.d4 cxd4 4.Nxd4 Nf6 5.Nc3 e5 6.Ndb5 d6 7.Bg5 a6 8.Na3 
b5 9.Bxf6 gxf6 10.Nd5 f5 11.g3 fxe4 12.Bg2 Bg7 13.Bxe4 Rb8 14.Qh5 h6 15.
Rd1 O-O 16.g4 Nd4 17.Rg1 f6 18.Qg6 Rf7 19.c3 Ne6 20.Nc2 Kf8 21.Nce3 Nf4 
22.Nxf4 exf4 23.Nd5 Bb7 24.Qf5 Qe8 25.Qxf4 Qe5 26.Qxe5 fxe5 27.Ke2 Bxd5 
28.Rxd5 Ke7 29.h4 Bf8 30.f3 Rb7 31.b4 Ke6 32.a4 Be7 33.Rgd1 bxa4 34.Ra5 
Rb6 35.h5 Bd8 36.Rxa4 Rc7 37.Bd5+ Kf6 38.Kd3 Ra7 39.Rda1 Kg5 40.Ke4 Be7 
41.R1a3 Rc7 42.Kd3 Ra7 43.Ra5 Bd8 44.b5 1-0

[Event "zonal 8"]
[Site "Cali COL"]
[Date "1990.??.??"]
[Round "6"]
[White "Arencibia Rodriguez, Walter"]
[Black "Garcia, Gildardo"]
[Result "1/2-1/2"]
[WhiteElo "2425"]
[BlackElo "2465"]
[EventDate "1990.04.??"]
[PlyCount "90"]

1.d4 d5 2.c4 e6 3.Nc3 Nf6 4.cxd5 exd5 5.Bg5 c6 6.e3 Nbd7 7.Bd3 Bd6 8.Qc2 
Nf8 9.Nge2 Ng6 10.Ng3 O-O 11.Nh5 Be7 12.Nf4 Ng4 13.Bxe7 Qxe7 14.Nce2 Nxf4 
15.Nxf4 f5 16.Be2 g5 17.Nd3 f4 18.exf4 gxf4 19.h3 Qh4 20.Rg1 Ne3 21.Qc3 
Nc4 22.g3 fxg3 23.Rxg3+ Kh8 24.Qb4 Rf7 25.O-O-O Bf5 26.b3 a5 27.Qe1 Qxd4 
28.bxc4 Qa1+ 29.Kd2 Qxa2+ 30.Kc1 Qa3+ 31.Kb1 dxc4 32.Bg4 Re7 33.Bxf5 Rxe1 
34.Nxe1 c3 35.Nd3 Ra6 36.Kc2 Qa4+ 37.Kc1 Rb6 38.Be6 Qa3+ 39.Kc2 h6 40.Rdg1
Rb2+ 41.Nxb2 Qxb2+ 42.Kd3 Qd2+ 43.Ke4 Qe2+ 44.Kf5 Qxf2+ 45.Ke4 Qe2+ 
1/2-1/2

[Event "zonal 8"]
[Site "Cali COL"]
[Date "1990.??.??"]
[Round "6"]
[White "Hernandez Guerrero, Gilberto"]
[Black "Moran Nuque, Augusto"]
[Result "1/2-1/2"]
[WhiteElo "2395"]
[BlackElo "2285"]
[EventDate "1990.04.??"]
[PlyCount "95"]

1.Nf3 Nf6 2.d4 d6 3.Nc3 c6 4.e4 Bg4 5.Be2 Bxf3 6.Bxf3 e5 7.Be3 Nbd7 8.a4 
a5 9.O-O Be7 10.g3 h5 11.h3 h4 12.g4 Nf8 13.Qd2 N6h7 14.Rad1 Ng6 15.Bg2 
Bg5 16.Qe2 Qe7 17.Qc4 Bxe3 18.fxe3 O-O 19.d5 Rac8 20.Qb3 Qc7 21.Rf2 Ne7 
22.Kh2 Ng5 23.Kg1 Kh8 24.Rd3 f6 25.dxc6 bxc6 26.Rfd2 Rfd8 27.Qa3 Qb6 28.
Nd1 Nf7 29.Qb3 Qxb3 30.Rxb3 Rb8 31.Rxb8 Rxb8 32.b3 Nc8 33.Nb2 Nb6 34.g5 
fxg5 35.Bf3 g6 36.Bg4 Kg7 37.Be6 Rd8 38.c4 c5 39.Nd1 Kf6 40.Bxf7 Kxf7 41.
Nc3 g4 42.Rf2+ Kg7 43.hxg4 Kh6 44.Kg2 Kg7 45.g5 Rf8 46.Nb5 Rxf2+ 47.Kxf2 
Nc8 48.Kf3 1/2-1/2

[Event "zonal 8"]
[Site "Cali COL"]
[Date "1990.??.??"]
[Round "6"]
[White "Paneque Martin, Pedro"]
[Black "Zapata Ramirez, Alonso"]
[Result "0-1"]
[WhiteElo "2380"]
[BlackElo "2480"]
[EventDate "1990.04.??"]
[PlyCount "64"]

1.c4 e5 2.g3 g6 3.Bg2 Bg7 4.Nc3 Nc6 5.e3 f5 6.Nge2 Nf6 7.d4 e4 8.f3 exf3 
9.Bxf3 O-O 10.O-O d6 11.Rb1 a5 12.a3 Ne7 13.b4 axb4 14.axb4 g5 15.b5 Kh8 
16.Qb3 Rb8 17.Ra1 Be6 18.d5 Bf7 19.Bb2 Nd7 20.Na4 Ne5 21.Bg2 c5 22.Nac3 
Bh5 23.Rad1 Nc8 24.h3 Nb6 25.g4 fxg4 26.Ng3 Bg6 27.hxg4 Nbxc4 28.Bc1 Qd7 
29.Bh3 h5 30.Nf5 hxg4 31.Nxg7 Qxg7 32.Bg2 Qh7 0-1

[Event "zonal 8"]
[Site "Cali COL"]
[Date "1990.??.??"]
[Round "7"]
[White "Alzate, Dario"]
[Black "Paneque Martin, Pedro"]
[Result "1/2-1/2"]
[WhiteElo "2390"]
[BlackElo "2380"]
[EventDate "1990.04.??"]
[PlyCount "96"]

1.d4 Nf6 2.c4 g6 3.f3 Bg7 4.e4 d6 5.Ne2 O-O 6.Be3 Nc6 7.Qd2 a6 8.Na3 e5 9.
d5 Ne7 10.c5 dxc5 11.Bxc5 Nd7 12.Bf2 b5 13.Nc2 a5 14.b4 Ba6 15.Nc3 c6 16.
dxc6 Nxc6 17.Nxb5 axb4 18.Nxb4 Bh6 19.Qc3 Bxb5 20.Bxb5 Nd4 21.Bxd7 Qxd7 
22.Bxd4 exd4 23.Qd3 Qd6 24.Rb1 Be3 25.Nd5 Ra3 26.Rb3 Rxb3 27.axb3 Rc8 28.
Nxe3 Rc3 29.Qd2 Rxe3+ 30.Kf2 Rxb3 31.Rd1 d3 32.Qe3 Rb2+ 33.Kg1 d2 34.e5 
Qd7 35.Kf2 h5 36.Qc3 Ra2 37.Ke3 Qa7+ 38.Ke2 Ra3 39.Qb4 Qe3+ 40.Kf1 Qd3+ 
41.Kf2 Qe3+ 42.Kf1 Rc3 43.Qe4 Qg5 44.h4 Qd8 45.Ke2 Rc5 46.e6 f5 47.e7 Qe8 
48.Qe6+ Kh7 1/2-1/2

[Event "zonal 8"]
[Site "Cali COL"]
[Date "1990.??.??"]
[Round "7"]
[White "Garcia, Gildardo"]
[Black "Espinosa Flores, Rafael"]
[Result "1/2-1/2"]
[WhiteElo "2465"]
[BlackElo "2395"]
[EventDate "1990.04.??"]
[PlyCount "119"]

1.e4 c5 2.Nf3 Nc6 3.d4 cxd4 4.Nxd4 Nf6 5.Nc3 e5 6.Ndb5 d6 7.Bg5 a6 8.Na3 
b5 9.Nd5 Qa5+ 10.Bd2 Qd8 11.Bg5 Qa5+ 12.Bd2 Qd8 13.c4 b4 14.Nxf6+ Qxf6 15.
Nc2 Qg6 16.f3 Rb8 17.Kf2 Be7 18.Bd3 O-O 19.Ne3 Nd4 20.Nd5 Bd8 21.Rf1 a5 
22.Kg1 Kh8 23.Be3 Ne6 24.Kh1 Bg5 25.Qd2 Bxe3 26.Qxe3 Bb7 27.Rad1 Qg5 28.
Qxg5 Nxg5 29.Bb1 Ne6 30.Ne3 Nd4 31.Nc2 Nxc2 32.Bxc2 Rfd8 33.Rd2 Rbc8 34.b3
Rc7 35.Rfd1 Rcd7 36.c5 d5 37.exd5 Rxd5 38.Rxd5 Rxd5 39.Rxd5 Bxd5 40.Be4 
Be6 41.Kg1 Kg8 42.Kf2 Kf8 43.Ke3 f5 44.Bb7 Ke7 45.f4 e4 46.Kd4 Kd7 47.g4 
g6 48.gxf5 gxf5 49.Ba6 Kc6 50.Be2 Bf7 51.h3 h6 52.h4 Kc7 53.Bb5 Bh5 54.Bc4
Bg4 55.Bf7 Kc6 56.Be8+ Kc7 57.Ke3 Bd1 58.Bf7 Kc6 59.Kd4 Bg4 60.Be8+ 
1/2-1/2

[Event "zonal 8"]
[Site "Cali COL"]
[Date "1990.??.??"]
[Round "7"]
[White "Zapata Ramirez, Alonso"]
[Black "Rodriguez Cespedes, Amador"]
[Result "1/2-1/2"]
[WhiteElo "2480"]
[BlackElo "2495"]
[EventDate "1990.04.??"]
[PlyCount "43"]

1.e4 e5 2.Nf3 Nf6 3.Nxe5 d6 4.Nf3 Nxe4 5.d4 d5 6.Bd3 Nc6 7.O-O Be7 8.c4 
Nb4 9.cxd5 Nxd3 10.Qxd3 Qxd5 11.Re1 Bf5 12.Nc3 Nxc3 13.Qxc3 Be6 14.Bg5 Bd6
15.Bh4 O-O 16.a3 Rfe8 17.Ne5 f6 18.Nd3 Qc4 19.Bg3 Bxg3 20.hxg3 Rad8 21.Nc5
Qxc3 22.bxc3 1/2-1/2

[Event "zonal 8"]
[Site "Cali COL"]
[Date "1990.??.??"]
[Round "8"]
[White "Espinosa Flores, Rafael"]
[Black "Moran Nuque, Augusto"]
[Result "1/2-1/2"]
[WhiteElo "2395"]
[BlackElo "2285"]
[EventDate "1990.04.??"]
[PlyCount "87"]

1.e4 e6 2.d4 d5 3.exd5 exd5 4.Nf3 Bd6 5.c4 c6 6.Nc3 Ne7 7.Qb3 O-O 8.cxd5 
cxd5 9.Bg5 Re8 10.Be2 Nbc6 11.O-O f6 12.Bh4 Be6 13.Bg3 Rb8 14.Rfe1 Nf5 15.
Rad1 Nxg3 16.hxg3 Bf7 17.Bb5 Rxe1+ 18.Rxe1 Ne7 19.Bd3 g6 20.g4 h6 21.g3 
Qd7 22.Nb5 a6 23.Nxd6 Qxd6 24.Nh4 b5 25.Qc2 Rc8 26.Qd2 Kg7 27.Kg2 Nc6 28.
Rh1 Rh8 29.a3 h5 30.gxh5 Rxh5 31.g4 Rh7 32.Bb1 Ne7 33.Qe3 Rh8 34.g5 Rh5 
35.Nf3 Rxh1 36.Kxh1 Qe6 37.gxf6+ Qxf6 38.Ne5 Be6 39.Kg1 Bf5 40.Ba2 Qh4 41.
Qd2 Be6 42.Bb1 Bf5 43.Ba2 Bh3 44.Qc3 1/2-1/2

[Event "zonal 8"]
[Site "Cali COL"]
[Date "1990.??.??"]
[Round "8"]
[White "Hernandez Guerrero, Gilberto"]
[Black "Arencibia Rodriguez, Walter"]
[Result "1/2-1/2"]
[WhiteElo "2395"]
[BlackElo "2425"]
[EventDate "1990.04.??"]
[PlyCount "54"]

1.e4 e6 2.d4 d5 3.Nc3 Nf6 4.Bg5 Bb4 5.e5 h6 6.Be3 Ne4 7.Qg4 g6 8.a3 Bxc3+ 
9.bxc3 c5 10.Bd3 Nc6 11.Bxe4 dxe4 12.Ne2 cxd4 13.cxd4 Qa5+ 14.c3 b6 15.O-O
Ba6 16.Rfc1 Bxe2 17.Qxe2 Rc8 18.c4 Qa6 19.Rc3 Ne7 20.Rac1 Kf8 21.Qg4 Qb7 
22.Qh4 g5 23.Qg4 Ng6 24.h3 Kg7 25.g3 Rhd8 26.Kh2 Rf8 27.a4 Kh7 1/2-1/2

[Event "zonal 8"]
[Site "Cali COL"]
[Date "1990.??.??"]
[Round "8"]
[White "Paneque Martin, Pedro"]
[Black "Garcia, Gildardo"]
[Result "1/2-1/2"]
[WhiteElo "2380"]
[BlackElo "2465"]
[EventDate "1990.04.??"]
[PlyCount "45"]

1.c4 e6 2.g3 d5 3.Nf3 Nf6 4.b3 b6 5.Bg2 Bb7 6.O-O Be7 7.Bb2 O-O 8.cxd5 
Nxd5 9.d4 Nd7 10.Nbd2 c5 11.a3 cxd4 12.Nxd4 Rc8 13.Nc4 Rc5 14.e4 N5f6 15.
Re1 Qa8 16.Nd2 Rd8 17.b4 Rcc8 18.Qe2 Ne5 19.f4 Nc6 20.N2f3 a5 21.h3 axb4 
22.axb4 Qb8 23.b5 1/2-1/2

[Event "zonal 8"]
[Site "Cali COL"]
[Date "1990.??.??"]
[Round "8"]
[White "Rodriguez Cespedes, Amador"]
[Black "Alzate, Dario"]
[Result "1-0"]
[WhiteElo "2495"]
[BlackElo "2390"]
[EventDate "1990.04.??"]
[PlyCount "107"]

1.e4 c5 2.Nf3 d6 3.d4 cxd4 4.Nxd4 Nf6 5.Nc3 e6 6.f4 a6 7.Be2 Qc7 8.Bf3 Be7
9.O-O O-O 10.Be3 Nc6 11.Nxc6 bxc6 12.Na4 Rb8 13.c4 Nd7 14.Qd2 f5 15.exf5 
exf5 16.Rfe1 Nf6 17.Nc3 Ng4 18.Bd4 Bh4 19.Re2 Bf6 20.Rd1 Bd7 21.h3 Nh6 22.
c5 Bxd4+ 23.Qxd4 d5 24.Bxd5+ cxd5 25.Nxd5 Qa7 26.Ne7+ Kh8 27.Qxd7 Qxc5+ 
28.Qd4 Qb5 29.Rdd2 Qb7 30.Re6 Ng8 31.Qe5 Nxe7 32.Rxe7 Qb6+ 33.Kh2 Qf6 34.
Rdd7 Qxe5 35.fxe5 Rg8 36.b3 Rb5 37.Kg3 Rc5 38.Ra7 Rc3+ 39.Kh2 Rc6 40.Rf7 
h6 41.Rxf5 Kh7 42.Rff7 Rg6 43.Rf3 Re6 44.Rd3 Rc8 45.Rg3 Rg8 46.h4 h5 47.
Rg5 Kh6 48.Rf7 g6 49.Rd7 Rc8 50.Rd6 Rc6 51.Rxe6 Rxe6 52.Kg3 Rc6 53.Kf4 Kg7
54.g4 1-0

[Event "zonal 8"]
[Site "Cali COL"]
[Date "1990.??.??"]
[Round "9"]
[White "Alzate, Dario"]
[Black "Juarez Flores, Carlos Armando"]
[Result "1/2-1/2"]
[WhiteElo "2390"]
[BlackElo "2375"]
[EventDate "1990.04.??"]
[PlyCount "61"]

1.e4 e6 2.d4 d5 3.Nd2 Nf6 4.e5 Nfd7 5.c3 c5 6.f4 Nc6 7.Ndf3 cxd4 8.cxd4 
Qb6 9.h4 h5 10.a3 g6 11.b3 Ndb8 12.Ne2 Bd7 13.Nc3 Ne7 14.Bd3 Nbc6 15.Na4 
Qd8 16.Nc5 Nf5 17.Bxf5 exf5 18.Nxd7 Qxd7 19.O-O Nd8 20.Qd3 Ne6 21.Be3 Be7 
22.Rfc1 O-O 23.a4 a6 24.Ra2 Rfc8 25.Rac2 Rxc2 26.Rxc2 Rc8 27.g3 Rc6 28.Kf1
Qc7 29.Ne1 Kf8 30.Rxc6 Qxc6 31.Nc2 1/2-1/2

[Event "zonal 8"]
[Site "Cali COL"]
[Date "1990.??.??"]
[Round "9"]
[White "Arencibia Rodriguez, Walter"]
[Black "Espinosa Flores, Rafael"]
[Result "1-0"]
[WhiteElo "2425"]
[BlackElo "2395"]
[EventDate "1990.04.??"]
[PlyCount "75"]

1.d4 d5 2.c4 dxc4 3.e3 e5 4.Bxc4 exd4 5.exd4 Nf6 6.Nc3 Be7 7.Nf3 O-O 8.O-O
Bg4 9.Be3 Nc6 10.h3 Bxf3 11.Qxf3 Nxd4 12.Qxb7 Nf5 13.Rfd1 Qb8 14.Qxb8 
Raxb8 15.Bxa7 Rb7 16.Bd3 Rxa7 17.Bxf5 Rb8 18.b3 Bd6 19.Rac1 g6 20.Bd3 Nd7 
21.Rc2 Ra5 22.Ne4 Be5 23.Be2 Nb6 24.a4 Rd5 25.Rxd5 Nxd5 26.Bb5 Nf4 27.Rc5 
Bd6 28.Nxd6 cxd6 29.Rc6 d5 30.Rd6 Kf8 31.Rd7 h5 32.h4 Rc8 33.g3 Rc1+ 34.
Kh2 Ne6 35.Rxd5 Nc5 36.Rd8+ Ke7 37.Re8+ Kd6 38.Bc4 1-0